00653nam a2200193 4500001000700000003000900007005001700016007000300033008004100036100002400077245015100101250001200252260005200264300003600316700002100352700001800373700003500391852003300426130992ES-MaACL20230906193908.0t|070214s1987 mx r ||||1| spa d1 aRobbins, Stanley L.10aPatología estructural y funcional / cStanley L. Robbins, Ramzi S. Cotran, Vinay Kumar ; traducción, Joaquín Valero Oyarzábal... [et al.]. a3ª ed. aMéxico [etc.] : bEd. Interamericana, c1987. aXII, 1424 p. : bil. ; c29 cm.1 aCotran, Ramzi S.1 aKumar, Vinay.1 aValero Oyarzábal, Joaquín. aES-MaACLjL-11852 bR.114359